00462nam a22001697a 450000500170000001000120001702000110002903500120004003700140005208200100006610000240007624500680010024600540016826000330022227000120025530000250026720200131121622.0 aB-83050 a200.00 aB-83050 bBPPD/Pub. a840.8 aزیب النساء aسجاد ظہیر جیات و خدمات /cزیب النساء aSajjad Zaheer Hayaat-o-Khidmaat /bby Zaibun Nisa a-bKeshav Prakashanc1999 ء a-b-e- a373p.c22cm(Hb)